(REx: Reincarnated) Every Exotic+ in the Rebalance™ Update - Statistics

General Stats
  • This quiz has been taken 12 times
  • The average score is 19 of 22
Answer Stats
Answer % Correct
Empress of Light
100%
Void Reaver
100%
Bonfire
88%
Bulbalescense
88%
Drusentyl
88%
Elegascene
88%
Formidulus
88%
Glitzar
88%
Gradience
88%
Musereign
88%
Obscuralis
88%
Photoprisma
88%
Polonium
88%
Ravenmare
88%
Teslarium
88%
Eclipsicle
75%
Emberstyx
75%
Monocage
75%
Oviridis
75%
Penumbrosia
75%
Runealith
75%
Nauticalis
63%
No matching quizzes found
Score Distribution
Percent of People with Each Score
Percentile by Number Answered
Your Score History
You have not taken this quiz